| 000 | 00584nam a2200145Ia 4500 | ||
|---|---|---|---|
| 008 | 170221s9999 xx 000 0 und d | ||
| 100 | _aSuresh Ramakrishnan | ||
| 245 | _aCorporate Social Responsibility in Malaysian Apparel Manufacturing Industry: A Study on Corporate Social Responsibility Website Reporting | ||
| 245 | _cSuresh Ramakrishnan, Sanil S. Hishan, Malini Kanjanapathy | ||
| 260 | _bInternational Review of Management and Marketing | ||
| 260 | _c2016 | ||
| 300 | _a6 : 4S | ||
| 650 | _xMarketing. | ||
| 856 | _uhttp://www.econjournals.com/index.php/irmm/issue/view/77 | ||
| 999 |
_c308164 _d308164 |
||